000 00735nam a2200217 4500
003 LK-CoMWRAF
005 20231116144949.0
008 230831b2005 |||||||| |||| 00| 0 eng d
020 _a4555994536
040 _aLK-CoMWRAF
_dLK-CoMWRAF
_eLK-CoMWRAF
041 _aeng
082 _a 338.95
_bMEN
100 _aMendis, D. L. O
245 _aAlternative development: an anthology:
_bVolume 1, Pugwash. Part I, Remember you humanity- A tribute to Sir Joseph Rotblat
260 _aColombo:
_bSri Lanka Pugwash Group,
_c2005
300 _axxi, 156 p. : ill., 21 cm.
650 _aSUSTAINABLE DEVELOPMENT-Sri Lanka-Congresses
650 _aEnvironmental policy -- Sri Lanka
650 _aConflict management -- Sri Lanka
942 _cBK
999 _c3336
_d3336